000 00980nam a22002417a 4500
008 240605b mp ||||| |||| 00| 0 mon d
020 _a978-99973-1-742-1
035 _a29056
040 _aDA0445040
_bmon
_cMN-UlNLM
_dMN-UlNLM
_erda
041 _amon
042 _a60970
084 _221
_a808.899282344
_bА.940
100 _aАшард М.
245 0 _aЦөөхүүл ч гэсэн бидний индианчууд
264 _aУБ
_bМонсудар хэвлэлийн газар
_c2019
300 _a148 х.
336 _2rdacontent
_atext
_btxt
337 _2rdamedia
_aunmediated
_bn
338 _2rdacarrier
_avolume
_bnc
650 _aЦиркийн жүжигчин Марион Ашард нь оорийн Тур де Цирк (Tour de Cirque) байгууллагынхныхаа хамтаар Францад төдийгүй хилийн чанадын ...
942 _210-t
_cBK
999 _c764748
_d764805